000
00261 a2200109 4500
000
nam a22 7a 4500
020
_a
9780367270018
100
_a
Totten,George E
_9
97
245
_a
Handbook of metallurgical process design
260
_b
CRC
_c
2019
264
_b
CRC
999
_c
35983
_d
35983